000 01438cam a22004097a 4500
003 CHAP
005 20220329140839.0
008 971013s1995 r 00010 d
010 _a58529
011 _a59501
035 _a63659
040 _cCHAP
082 _a631.7
_bL85
100 0 0 _aLuna, Pedro A.
_ecoord.
_969136
245 1 3 _aEl riego deficitario controlado :
_bfundamentos y aplicaciones
_c/ coord. por Pedro A. Luna y Pedro Cabrera
260 _aMadrid :
_bMundi-Prensa,
_c1995
300 _a188 p.
_b: ilus.
490 0 _aCuadernos VALUE
_v; 1
590 _aBATCH-UPD
_b10
_c20130110
_lUCH01
_h0519
590 _aBATCH-UPD
_b10
_c20130110
_lUCH01
_h2340
590 _aBATCH-UPD
_b10
_c20130410
_lUCH01
_h0158
590 _aBATCH-UPD
_b10
_c20130410
_lUCH01
_h1628
590 _aBATCH-UPD
_b10
_c20130914
_lUCH01
_h1110
590 _aCONVERSION
_b10
_c20130109
_lUCH01
_h1331
650 1 4 _aAgua para irrigacion.
_92430
650 1 4 _aAlmendro
_xIrrigacion.
_94524
650 1 4 _aDurazno
_xIrrigación.
_934612
650 1 4 _aIrrigación.
_960366
650 1 4 _aLimón
_xIrrigación.
_966836
700 0 _aCabrera, Pedro
_ecoord.
_916712
700 0 _aZapata, Manuel
_eed.
_9123661
830 0 _aCuadernos VALUE
_v; 1
_929904
901 _aBK
942 _cLIBRO
949 _a631.7 L85
_bBC
_cLIBRO
_d33724000681813
_eLIBRO
_h92163
_i63659
_si
949 _a631.7 L85
_bBC
_cLIBRO
_d33724000742037
_eLIBRO
_fc.2
_gI. 198983
_h97173
_i63659
_si
_t$ 218.00
999 _c58529
_d58529